00273nam a22000977a 4500040000900000082000800009100002700017245004400044260004300088650004400131 cNust a297 aDr. Abdul Ghani Farooq a ہم کیوں مسلمان ہوئے aLahore {bMaktaba Tameer -e- insaniat, a ہم کیوں مسلمان ہوئے